header

From knowledge networks to biological models (Record no. 212204)

MARC details
000 -LEADER
fixed length control field 01224nam a2200313 a 4500
245 00 - TITLE STATEMENT
Title From knowledge networks to biological models
260 ## - PUBLICATION, DISTRIBUTION, ETC. (IMPRINT)
Place of publication [Oak Park, Ill.] :
Name of publisher Bentham eBooks,
Year of publication [2012]
300 ## - PHYSICAL DESCRIPTION
Number of Pages vii, 193 p. :
Other physical details ill. (some col.).
490 0# - SERIES STATEMENT
Series statement Biological models
650 #0 - SUBJECT ADDED ENTRY--TOPICAL TERM
Topical Term Biological models.
Topical Term System theory.
700 1# - ADDED ENTRY--PERSONAL NAME
Personal name Yuryev, Anton.
Personal name Daraselia, Nikolai.
856 40 - ELECTRONIC LOCATION AND ACCESS
Uniform Resource Identifier http://site.ebrary.com/lib/rucke/Doc?id=10587896

No items available.

© 2026 Rongo University
Contact us: librarian | system librarian | Rongo university